Statistics for 20th Century Dates Quiz

Click here to take the quiz!

General Stats

  • This quiz has been taken 25,097 times
    (16,694 since last reset)
  • The average score is 22 of 34

Answer Stats

EventYear% Correct
End of World War II1945
98%
Man lands on the Moon1969
97%
Start of World War I1914
96%
Attack on Pearl Harbor1941
95%
Assassination of John F. Kennedy1963
93%
Start of the Great Depression1929
90%
Sinking of the Titanic1912
89%
Fall of the Berlin Wall1989
83%
D-Day1944
80%
Cuban missile crisis1962
74%
Woodstock1969
70%
Chernobyl nuclear disaster1986
70%
Thatcher elected Prime Minister1979
67%
Bolshevik Revolution1917
66%
Richard Nixon resigns1974
66%
First airplane flight1903
65%
O.J. Simpson trial1995
60%
Tiananmen Square massacre1989
60%
Martin Luther King assassinated1968
60%
Introduction of the Euro1999
60%
End of apartheid in South Africa1994
57%
India achieves independence1947
55%
Falklands War1982
53%
Iraq invades Kuwait1990
52%
Challenger space shuttle disaster1986
51%
Spanish flu outbreak1918
50%
Rodney King riots1992
49%
Iranian revolution1979
45%
Beatles play Shea Stadium1965
42%
First World Cup1930
34%
Brown v. Board of Education1954
32%
First Model T produced1908
31%
First Super Bowl1967
30%
Lindbergh flies from New York to Paris1927
30%

Score Distribution

Percentile by Number Answered

Percent of People with Each Score

Your Score History

You have not taken this quiz since the last reset